MANAGERIAL ECONOMICS (Record no. 29628)

MARC details
000 -LEADER
fixed length control field 00312nam a22001577a 4500
003 - CONTROL NUMBER IDENTIFIER
control field SGT
020 ## - INTERNATIONAL STANDARD BOOK NUMBER
International Standard Book Number 658.15
082 ## - DEWEY DECIMAL CLASSIFICATION NUMBER
Classification number GEE
Item number GEE
100 ## - MAIN ENTRY--PERSONAL NAME
Personal name GEETIKA
245 ## - TITLE STATEMENT
Title MANAGERIAL ECONOMICS
250 ## - EDITION STATEMENT
Edition statement 3RD
260 ## - PUBLICATION, DISTRIBUTION, ETC. (IMPRINT)
Place of publication, distribution, etc INDIA
Name of publisher, distributor, etc MC GRAW HILL
Year of Publication 2024
300 ## - PAGE DESCRIPTION
No. of Pages 669
650 ## - SUBJECT ADDED ENTRY--TOPICAL TERM
Topical term or geographic name as entry element GEETIKA
942 ## - ADDED ENTRY ELEMENTS (KOHA)
Source of classification or shelving scheme Dewey Decimal Classification
Koha item type Books
Holdings
Withdrawn status Lost status Source of classification or shelving scheme Damaged status Not for loan Collection code Home library Current library Shelving location Date acquired Vendor Name Cost, normal purchase price SGTU Bill Number Full call number Accession No. (Barcode) Date last seen Bill Date Koha item type Total Checkouts Date last borrowed
    Dewey Decimal Classification   Not For Loan COMMERCE MANAGEMENT SGT Science & Social Sciences Library SGT Science & Social Sciences Library Reference Book 05/02/2025 AHUJA BOOK COMPANY 910.00 SGTU 20322 GEE GEE CM7376 05/02/2025   Books    
    Dewey Decimal Classification     COMMERCE MANAGEMENT SGT Science & Social Sciences Library SGT Science & Social Sciences Library Text Book 05/02/2025 AHUJA BOOK COMPANY 910.00 SGTU 20322 GEE GEE CM7377 05/02/2025   Books    
    Dewey Decimal Classification     COMMERCE MANAGEMENT SGT Science & Social Sciences Library SGT Science & Social Sciences Library Text Book 05/02/2025 AHUJA BOOK COMPANY 910.00 SGTU 20322 GEE GEE CM7378 05/02/2025   Books    
    Dewey Decimal Classification     COMMERCE MANAGEMENT SGT Science & Social Sciences Library SGT Science & Social Sciences Library Text Book 05/02/2025 AHUJA BOOK COMPANY 910.00 SGTU 20322 GEE GEE CM7379 05/02/2025   Books    
    Dewey Decimal Classification     COMMERCE MANAGEMENT SGT Science & Social Sciences Library SGT Science & Social Sciences Library Text Book 05/02/2025 AHUJA BOOK COMPANY 910.00 SGTU 20322 GEE GEE CM7380 27/05/2026   Books 1 13/05/2026